Odchýlky od racionality vo finančnom rozhodovaní v rôznych fázach vzniku a existencie cenových bublín

Odchýlky od racionality podľa fázy životného cyklu cenovej bubliny. Odchýlky od racionality pred vznikom cenovej bubliny. Odchýlky od racionality počas udržiavania cenovej bubliny - potvrdzovanie, optimizmus, odmietanie. Odchýlky od racionality v čase prasknutia bubliny - informačná dostupnosť, pesi...

Description complète

Enregistré dans:
Détails bibliographiques
Auteur principal: Adamík, Kamil
Format: Chapitre de livre
Langue:slovaque
Sujets:
Tags: Ajouter un tag
Pas de tags, Soyez le premier à ajouter un tag!

MARC

LEADER 00000naa$a2200000$$$4500
001 0182783
005 20240502073127.5
041 0 |a slo 
044 |a SK 
245 1 0 |a Odchýlky od racionality vo finančnom rozhodovaní v rôznych fázach vzniku a existencie cenových bublín  |c Kamil Adamík 
520 |a Odchýlky od racionality podľa fázy životného cyklu cenovej bubliny. Odchýlky od racionality pred vznikom cenovej bubliny. Odchýlky od racionality počas udržiavania cenovej bubliny - potvrdzovanie, optimizmus, odmietanie. Odchýlky od racionality v čase prasknutia bubliny - informačná dostupnosť, pesimizmus, stádovitosť, averzia k strate. 
610 2 0 |a kríza finančná 
610 2 0 |a bubliny finančné 
610 2 0 |a trh finančný 
610 2 0 |a správanie 
610 2 0 |a rozhodovanie finančné 
100 1 |a Adamík, Kamil